|
|
|
|
| LEADER |
00000nam a2200000 a 4500 |
| 001 |
vtls010551383 |
| 003 |
SK-MaSNL |
| 005 |
20260301174600.0 |
| 008 |
131017s2012 ci o f bc 000 0dhrv |
| 020 |
|
|
|a 9789536660544 (brož.)
|
| 040 |
|
|
|a SNK
|b slo
|c SNK
|e AACR2
|
| 041 |
0 |
|
|a scc
|
| 043 |
|
|
|a e-ci---
|
| 044 |
|
|
|a ci
|c HR
|
| 072 |
|
7 |
|a 7.01/.09
|x Umenie
|2 konspekt
|
| 080 |
|
|
|a 72/76:069
|2 2001
|
| 080 |
|
|
|a 72/76:069.5
|2 2001
|
| 080 |
|
|
|a 72/76.031.2"18/20"
|2 2001
|
| 080 |
|
|
|a 72/76.031.2"19/20"
|2 2001
|
| 080 |
|
|
|a 7.031.4
|2 2001
|
| 080 |
|
|
|a 72/76
|2 2001
|
| 080 |
|
|
|a (497.5)
|2 2001
|
| 080 |
|
|
|a (083.82)
|2 2001
|
| 080 |
|
|
|a (036)
|2 2001
|
| 100 |
1 |
|
|a Crnković, Vladimir,
|d 1942-
|4 aut
|9 346366
|
| 245 |
1 |
0 |
|a Hrvatski muzej naivne umjetnosti
|b vodič kroz muzejsku zbirku : naiva, art brut i autsajderska umjetnost : antologija
|c Vladimir Crnković
|
| 260 |
|
|
|a Zagreb
|b Hrvatski muzej naivne umjetnosti
|c 2012
|
| 300 |
|
|
|a 231 s.
|b fotogr.
|c 21 cm
|
| 366 |
|
|
|e 1000 výt.
|
| 504 |
|
|
|a Bibliografia s. 203-229
|
| 610 |
2 |
7 |
|a Hrvatski muzej naivne umjetnosti (Záhreb, Chorvátsko)
|2 SNKKA
|9 547199
|
| 650 |
0 |
7 |
|a múzeá umenia
|2 SNKPH
|9 4118
|
| 650 |
0 |
7 |
|a umelecké zbierky
|2 SNKPH
|9 2982
|
| 650 |
0 |
7 |
|a insitné umenie
|2 SNKPH
|9 208408
|
| 650 |
0 |
7 |
|a art brut
|2 SNKPH
|9 93156
|
| 650 |
0 |
7 |
|a ľudové umenie
|2 SNKPH
|9 2866
|
| 650 |
0 |
7 |
|a výtvarné umenie
|2 SNKPH
|9 723
|
| 650 |
0 |
7 |
|a Art museums
|2 SNKPHeng
|9 265390
|
| 650 |
0 |
7 |
|a Art collections
|2 SNKPHeng
|9 303322
|
| 650 |
0 |
7 |
|a Naive art
|2 SNKPHeng
|9 208409
|
| 650 |
0 |
7 |
|a art brut
|2 SNKPHeng
|9 93156
|
| 650 |
0 |
7 |
|a Folk art
|2 SNKPHeng
|9 316741
|
| 650 |
0 |
7 |
|a Art
|2 SNKPHeng
|9 266209
|
| 651 |
|
7 |
|a Záhreb (Chorvátsko)
|2 SNKPH
|9 30453
|
| 651 |
|
7 |
|a Zagreb (Croatia)
|2 SNKPHeng
|9 529662
|
| 655 |
|
7 |
|a katalógy
|2 SNKPH
|9 60821
|
| 655 |
|
7 |
|a sprievodcovia (publikácie)
|2 SNKPH
|9 219172
|
| 655 |
|
7 |
|a Catalogs
|2 SNKPHeng
|9 266059
|
| 655 |
|
7 |
|a Guidebooks
|2 SNKPHeng
|9 268010
|
| 919 |
|
|
|a 978-953-6660-54-4
|
| 999 |
|
|
|c 840021
|d 841951
|
| 952 |
|
|
|a SNK
|b SNK
|y VYP
|7 0
|p 17A1084878
|o snkIC 140870
|i snk2013/26355
|8 2
|g 16.00
|0 0
|1 0
|4 0
|d 2013-10-17
|l 0
|r 2026-02-24 04:07:54
|w 2026-02-24
|